Music Quiz

Random Music or Letter Quiz

Album Covers from A to Z Quiz Stats

Quiz Updated Apr 23, 2015

Challenge
Share
Tweet
Score 0/26 Timer 06:00
5 Plays Today
% Correct
Abbey Road (The Beatles)
97.2%
Thriller (Michael Jackson)
88.7%
Queen II (Queen)
87.4%
The Dark Side of the Moon (Pink Floyd)
86.6%
Born in the USA (Bruce Springsteen)
86.6%
Purple Rain (Prince and the Revolution)
81.1%
Hotel California (Eagles)
68.8%
Rumours (Fleetwood Mac)
68.4%
Like a Virgin (Madonna)
68.3%
Jagged Little Pill (Alanis Morissette)
66.4%
The Marshall Mathers LP (Eminem)
61.3%
Graceland (Paul Simon)
53%
The Fame (Lady Gaga)
50%
% Correct
What's Going On (Marvin Gaye)
49.9%
OK Computer (Radiohead)
49.7%
Elephant (The White Stripes)
48.7%
X&Y (Coldplay)
42.2%
Crash (Dave Matthews Band)
39.7%
Kill 'em All (Metallica)
35.1%
No Strings Attached ('Nsync)
31.9%
Zooropa (U2)
27.7%
You Really Got Me (The Kinks)
21%
Violator (Depeche Mode)
18.6%
Strange Days (The Doors)
17.8%
Undertow (Tool)
14.4%
In the Aeroplane over the Sea (Neutral Milk Hotel)
13.7%

You're not logged in!

Compare scores with friends on all Sporcle quizzes.
Sign Up with Email
OR
Log In

You Might Also Like...

Show Comments

Extras

Top Quizzes Today


Score Distribution

Your Account Isn't Verified!

In order to create a playlist on Sporcle, you need to verify the email address you used during registration. Go to your Sporcle Settings to finish the process.